| 000 | 00412nam a2200181Ia 4500 | ||
|---|---|---|---|
| 003 | 0100 | ||
| 008 | 130303s9999 xx 000 0 und d | ||
| 040 | _cARRUPELIB | ||
| 050 | _aHM51.H641976 | ||
| 100 | _aHorton, Paul B. Hunt, Chester L | ||
| 245 | _aSociology | ||
| 250 | _afourth edition | ||
| 260 | _aTokyo | ||
| 260 | _bMcGraw-Hill Kogakusha, LTD | ||
| 260 | _C1976 | ||
| 300 | _a562p | ||
| 942 | 0 | 0 | _04 |
| 999 |
_c29176 _d29176 |
||